000 00420nam a2200181Ia 4500
001 13589
005 20260306164812.0
008 260306t2000||||xx |||||||||||||| ||spa||
041 _aESP
082 _a005.1
_bB81
100 _aBrassard, Gilles
_eAUT
245 0 _aFundamentos de algorĂ­tmia
260 _c2000
300 _a579 páginas :
_c25 cm.
650 _aGEN
654 _aCCC
942 _cLIB
_dJUS
_fJUS
_2ddc
_n
999 _c13589
_d13589